Integrating value and risk in construction (Record no. 104998)

MARC details
000 -LEADER
fixed length control field 01603cam a2200301 4500
001 - CONTROL NUMBER
control field ##L132058
005 - DATE AND TIME OF LATEST TRANSACTION
control field 20260602120535.0
008 - FIXED-LENGTH DATA ELEMENTS--GENERAL INFORMATION
fixed length control field 051222n2005 000 0 eng u
020 ## - INTERNATIONAL STANDARD BOOK NUMBER
International Standard Book Number 0860176398
035 ## - SYSTEM CONTROL NUMBER
System control number (Sirsi) u132058
041 0# - LANGUAGE CODE
Language code of text/sound track or separate title eng
050 ## - LIBRARY OF CONGRESS CALL NUMBER
Classification number 658.562
100 1# - MAIN ENTRY--PERSONAL NAME
Personal name Weatherhead, Marion
245 00 - TITLE STATEMENT
Title Integrating value and risk in construction
260 ## - PUBLICATION, DISTRIBUTION, ETC.
Place of publication, distribution, etc. London
Name of publisher, distributor, etc. CIRIA
Date of publication, distribution, etc. 2005
300 ## - PHYSICAL DESCRIPTION
Extent 74p.
Other physical details ill
Dimensions 30cm.
Accompanying material + 1 CD-ROM
490 #0 - SERIES STATEMENT
Series statement CIRIA
Volume/sequential designation 639
500 ## - GENERAL NOTE
General note Report C639
520 ## - SUMMARY, ETC.
Summary, etc. Toolkit aimed at helping clients and construction professionals integrate exisiting value management, value engineering and risk management methodologies from the initial concept of a proposed project to the successful delivery of the facility. Provides a structured approach to the identification and agreement of the client's project objectives after taking into account all opportunities and uncertainty. Gives integration toolboxes for each stage of project development, supported by guidance on workshops, guided discussion and developing a communications plan.
520 ## - SUMMARY, ETC.
Summary, etc. Includes a CD-ROM covering copies of relevant working documents as proformas, a PowerPoint presentation and a literature review of the current field of value and risk management for construction.
590 ## - LOCAL NOTE (RLIN)
Local note IKA140206
690 ## - LOCAL SUBJECT ADDED ENTRY--TOPICAL TERM (OCLC, RLIN)
Topical term or geographic name as entry element Construction management
9 (RLIN) 6230
700 1# - ADDED ENTRY--PERSONAL NAME
Personal name Owen, Keith
700 1# - ADDED ENTRY--PERSONAL NAME
Personal name Hall, Clare
710 2# - ADDED ENTRY--CORPORATE NAME
Corporate name or jurisdiction name as entry element Construction Industry Research and Information Association
9 (RLIN) 4810
710 2# - ADDED ENTRY--CORPORATE NAME
Corporate name or jurisdiction name as entry element Construction Industry Research and Information Association
9 (RLIN) 4810
942 ## - ADDED ENTRY ELEMENTS (KOHA)
Suppress in OPAC 0
Source of classification or shelving scheme Dewey Decimal Classification
Holdings
Withdrawn status Lost status Source of classification or shelving scheme Damaged status Not for loan Home library Current library Shelving location Date acquired Total Checkouts Full call number Barcode Date last seen Date last checked out Copy number Price effective from Koha item type
    Dewey Decimal Classification     London London Reference copy 22/12/2005 7 CIRIA REPORTS 30071778 02/06/2026 09/02/2009 1 06/08/2019 Book